000 00764cam a2200253 a 4500
001 000005123
005 20200929151603.0
008 790124s1977 sp 000 p spa d
020 _a843220322X
040 _aDO-SdBNP
_cDLC
_dDLC
082 _aCh861.4
_bN454t
100 1 _aNeruda, Pablo,
_d1904-1973
_99164
245 1 0 _aTercera residencia :
_b1935-1945 /
_cPablo Neruda.
260 _aBarcelona :
_bSeix Barral,
_c1977.
300 _a103 p. ;
_c20 cm.
490 1 _aBiblioteca breve
_v403
650 4 _aPoesía chilena
_99166
650 4 _aLiteratura chilena
_ySIGLO XX
_914677
650 4 _aLiteratura latinoaméricana
_ySIGLO XX
_9203
830 0 _aBiblioteca breve ;
_v403
_913442
910 _aCatalogación por copia / LC
910 _aWM
049 _aBNGR
999 _c4926
_d4926